| 000 | 01440pam a2200361 a 4500 | ||
|---|---|---|---|
| 001 | 3399633 | ||
| 003 | OSt | ||
| 005 | 20250414125121.0 | ||
| 008 | 890202s1990 nyua j 000 1 eng | ||
| 010 | _a 89030786 | ||
| 020 |
_a068931454X : _c$11.95 |
||
| 040 |
_aDLC _cDLC _dDLC |
||
| 042 | _alcac | ||
| 050 | 0 | 0 |
_aPZ7.H83727 _bPi 1990 |
| 082 | 0 | 0 |
_a[E] _219 |
| 100 | 1 |
_aHowe, James, _d1946- |
|
| 245 | 1 | 0 |
_aPinky and Rex / _cby James Howe ; illustrated by Melissa Sweet. |
| 250 | _a1st ed. | ||
| 260 |
_aNew York : _bAtheneum, _c1990. |
||
| 300 |
_a38 p. : _bcol. ill. ; _c23 cm. |
||
| 520 | _aRex and her best friend Pinky, each the proud possessor of twenty-seven stuffed animals or dinosaurs, find their visit to the museum and its gift shop complicated by Pinky's little sister Amanda. | ||
| 650 | 1 |
_aMuseums _vFiction. |
|
| 650 | 1 |
_aFriendship _vFiction. |
|
| 650 | 1 |
_aSiblings _vFiction. |
|
| 650 | 1 |
_aToys _vFiction. |
|
| 700 | 1 |
_aSweet, Melissa, _d1956- _eill. |
|
| 856 | 4 | 2 |
_3Contributor biographical information _uhttp://www.loc.gov/catdir/bios/simon051/89030786.html |
| 856 | 4 | 2 |
_3Publisher description _uhttp://www.loc.gov/catdir/description/simon031/89030786.html |
| 906 |
_a7 _bcbc _corignew _d1 _eocip _f19 _gy-gencatlg |
||
| 942 |
_2lcc _cBK |
||
| 999 |
_c264821 _d264820 |
||